000 00688nam a2200289Ia 4500
005 20260324121904.0
008 008 260324s9999 xx 000 0 eng d
020 _a9781315889641
037 _aEBOOK
040 _aCRL
040 _beng
040 _cCRL
041 _2eng
041 _aeng
084 _qCRL
100 _aBruce Fink
_91164185
245 0 _aAgainst Understanding, Volume 1
245 0 _bCommentary and Critique in a Lacanian Key
260 _bTaylor and Francis
260 _c2013
365 _a
365 _b240
856 _uhttp://www.taylorfrancis.com/books/9781315889641
942 _cEBOOK
999 _c1756648
_d1756648